| 000 | 00790nam a22001937a 4500 | ||
|---|---|---|---|
| 999 |
_c4298 _d4298 |
||
| 003 | AR-CdUCM | ||
| 008 | 190308b ||||| |||| 00| 0 spa d | ||
| 040 |
_aMUNICIPALIDAD PROVINCIAL DEL CUSCO _cBIBLIOTECA MUNICIPAL DEL CUSCO |
||
| 082 |
_22ed. _a781.25 / _bOC31 |
||
| 100 |
_aOchoa Revoredo, Luis Edmundo _913584 |
||
| 245 |
_aArmonía : _bun puente entre lo académico y lo popular / |
||
| 260 |
_aCusco : _bDanny´s Graff, _c2016. |
||
| 300 |
_a479 páginas ; _bilustraciones ; pentagramas ; _c15 cm. |
||
| 505 | _aContenido: Elementos armónicos básicos -- Grados y funciones armónicas -- Marchas armónicas básicas -- Recursos armónicos complementarios -- Figuración melódica ... | ||
| 650 |
_aMúsica _91443 |
||
| 650 |
_aArmonías _913585 |
||
| 942 |
_2ddc _cLIBROS |
||
| 945 | _azta | ||